| 000 -LEADER |
| fixed length control field |
01206nam a22003737a 4500 |
| 001 - CONTROL NUMBER |
| control field |
18770262 |
| 003 - CONTROL NUMBER IDENTIFIER |
| control field |
OSt |
| 005 - DATE AND TIME OF LATEST TRANSACTION |
| control field |
20241030100252.0 |
| 008 - FIXED-LENGTH DATA ELEMENTS--GENERAL INFORMATION |
| fixed length control field |
150903s2016 nju 001 0 eng |
| 010 ## - LIBRARY OF CONGRESS CONTROL NUMBER |
| LC control number |
2015033008 |
| 020 ## - INTERNATIONAL STANDARD BOOK NUMBER |
| International Standard Book Number |
9781118875803 (pbk.) |
| 040 ## - CATALOGING SOURCE |
| Original cataloging agency |
DLC |
| Language of cataloging |
eng |
| Transcribing agency |
DLC |
| Description conventions |
rda |
| 041 ## - LANGUAGE CODE |
| Language code of text/sound track or separate title |
eng |
| 042 ## - AUTHENTICATION CODE |
| Authentication code |
pcc |
| 050 00 - LIBRARY OF CONGRESS CALL NUMBER |
| Classification number |
QD253.2 |
| Item number |
.B76 2016 |
| 080 ## - UNIVERSAL DECIMAL CLASSIFICATION NUMBER |
| Universal Decimal Classification number |
54 |
| Item number |
B-89 |
| 082 00 - DEWEY DECIMAL CLASSIFICATION NUMBER |
| Classification number |
547 |
| Edition number |
23 |
| 100 1# - MAIN ENTRY--PERSONAL NAME |
| Personal name |
Brown, William Henry, |
| Dates associated with a name |
1932- |
| 245 10 - TITLE STATEMENT |
| Title |
Introduction to organic chemistry. |
| 250 ## - EDITION STATEMENT |
| Edition statement |
6th edition / |
| Remainder of edition statement |
William H. Brown, Beloit College, Thomas Poon, Claremont McKenna College, Scripps College, Pitzer College. |
| 260 ## - PUBLICATION, DISTRIBUTION, ETC. |
| Place of publication, distribution, etc. |
Hoboken, NJ : |
| Name of publisher, distributor, etc. |
John Wiley & Sons, Inc., |
| Date of publication, distribution, etc. |
[2016] |
| 263 ## - PROJECTED PUBLICATION DATE |
| Projected publication date |
1511 |
| 300 ## - PHYSICAL DESCRIPTION |
| Extent |
623 p, Appendix 2 p. Glossary 5 p. Answers Section 59 p. Index 10 p. |
| Other physical details |
ill. |
| 336 ## - CONTENT TYPE |
| Source |
rdacontent |
| 337 ## - MEDIA TYPE |
| Media type term |
unmediated |
| Source |
rdamedia |
| 500 ## - GENERAL NOTE |
| General note |
Includes index. |
| 650 #0 - SUBJECT ADDED ENTRY--TOPICAL TERM |
| Topical term or geographic name entry element |
Chemistry, Organic. |
| 653 ## - INDEX TERM--UNCONTROLLED |
| Uncontrolled term |
ქიმია |
| 653 ## - INDEX TERM--UNCONTROLLED |
| Uncontrolled term |
ორგანული ქიმია |
| 700 1# - ADDED ENTRY--PERSONAL NAME |
| Personal name |
Poon, Thomas, |
| Dates associated with a name |
1968- |
| 906 ## - LOCAL DATA ELEMENT F, LDF (RLIN) |
| a |
7 |
| b |
cbc |
| c |
orignew |
| d |
1 |
| e |
ecip |
| f |
20 |
| g |
y-gencatlg |
| 942 ## - ADDED ENTRY ELEMENTS (KOHA) |
| Source of classification or shelving scheme |
|
| Koha item type |
Books |
| Edition |
6 |